000 01083nam a22002417a 4500
005 20240530110628.0
008 170108s2015 ua a f b 000 0 ara d
017 _a2014/25564
_bمصر. دار الكتب
020 _a9789773223441
040 _aEG-CaGPL
_cEG-CaGPL
082 0 4 _221
_a363.230932
_bق/م أ
100 0 _aمنال محمود محمد محمود
245 1 2 _aالامن والحراسة فى مصر القديمة :
_bمن خلال الالقاب والوثائق حتى نهاية الدولة الحديثة /
_cتأليف منال محمود محمد محمود
250 _aط.1
260 _aالقاهرة :
_bعين للدراسات و البحوث الانسانية و الاجتماعية ،
_c2015
300 _a389 ص:
_bصور؛
_c24 سم
504 _aببليوجرافية : ص 333 - 355
650 0 7 _2qrmak
_aالامن
_zمصر القديمة
650 0 7 _2 qrmak
_aالشرطة
_xالقاب
_zمصر القديمة
651 0 7 _2qrmak
_aمصر القديمة
_xتاريخ
942 _2ddc
_cBK
999 _c63187
_d63187